[Event "1617LLO"]
[Site "Mecklenburg-Vorpommern"]
[Date "2017.04.23"]
[Round "9.8"]
[White "Schulze, Christoph"]
[Black "Sass, Ralf"]
[Result "1-0"]
[WhiteElo "1571"]
[BlackElo "1491"]
[PlyCount "119"]
[EventDate "2016.11.06"]
[EventType "team-tourn"]
[EventRounds "9"]
[SourceDate "2016.10.16"]
[WhiteTeam "SSC Rostock III"]
[BlackTeam "Motor Wolgast"]

1. e4 e5 2. Nf3 Nc6 3. d4 exd4 4. Bc4 Be7 5. c3 d6 6. cxd4 Nf6 7. Nc3 Bg4 8.
Qb3 O-O 9. Qxb7 Na5 10. Qa6 Nxc4 11. Qxc4 a6 12. Qd3 Re8 13. O-O h6 14. b3 Qc8
15. Bb2 Qb7 16. Nd2 Bf8 17. f3 Bd7 18. Rfe1 Bb5 19. Qc2 Qa7 20. Kh1 Rad8 21.
Nxb5 axb5 22. Qc6 Qa5 23. Bc3 b4 24. Nc4 Qa7 25. Bb2 Qb8 26. d5 Nd7 27. a3 Nc5
28. Re3 Rc8 29. axb4 Qxb4 30. Ba3 Qb7 31. Qxb7 Nxb7 32. Bb4 Ra8 33. Ree1 Be7
34. Bc3 Nc5 35. b4 Nd3 36. Rxa8 Rxa8 37. Ra1 Rxa1+ 38. Bxa1 Nxb4 39. Na5 Kf8
40. Kg1 g6 41. f4 Ke8 42. Kf2 Kd7 43. Bc3 Na6 44. Nc6 Nc5 45. Kf3 Nb7 46. f5 g5
47. Bg7 f6 48. Bxh6 Nd8 49. Nxd8 Bxd8 50. Kg4 Ke7 51. g3 Kf7 52. h4 Kg8 53.
hxg5 Kh7 54. Kh5 Be7 55. g6+ Kh8 56. g4 Bd8 57. g5 Kg8 58. gxf6 Bxf6 59. Bg5
Be5 60. Bd8 1-0

[Event "1617LLO"]
[Site "Mecklenburg-Vorpommern"]
[Date "2017.04.23"]
[Round "9.2"]
[White "Schwarz, Eckhard"]
[Black "Stork, Michael"]
[Result "0-1"]
[WhiteElo "1854"]
[BlackElo "2021"]
[PlyCount "50"]
[EventDate "2016.11.06"]
[EventType "team-tourn"]
[EventRounds "9"]
[SourceDate "2016.10.16"]
[WhiteTeam "Waterkant Saal"]
[BlackTeam "Waren/Malchow"]

1. e4 c5 2. Nf3 d6 3. c3 Nf6 4. Qc2 a6 5. d4 Qc7 6. Bg5 Nbd7 7. dxc5 Nxc5 8.
Nbd2 e6 9. a4 b6 10. Nd4 Be7 11. Be2 Bb7 12. Bf3 O-O 13. O-O Rfe8 14. Rfe1 h6
15. Be3 Rad8 16. b4 Ncd7 17. Be2 d5 18. f3 Ne5 19. Rac1 Rc8 20. Qd1 Red8 21. h3
dxe4 22. Nxe4 Nxe4 23. fxe4 Nc4 24. Bf3 Nxe3 25. Rxe3 Rxd4 0-1

[Event "1617LLO"]
[Site "Mecklenburg-Vorpommern"]
[Date "2017.04.23"]
[Round "9.3"]
[White "Schumacher, Albrecht"]
[Black "Wiese, Frank"]
[Result "1/2-1/2"]
[WhiteElo "1961"]
[BlackElo "1900"]
[PlyCount "35"]
[EventDate "2016.11.06"]
[EventType "team-tourn"]
[EventRounds "9"]
[SourceDate "2016.10.16"]
[WhiteTeam "Waren/Malchow"]
[BlackTeam "Waterkant Saal"]

1. d4 d5 2. c4 c6 3. Nf3 Nf6 4. Nc3 dxc4 5. a4 Bf5 6. e3 e6 7. Bxc4 Bb4 8. O-O
Nbd7 9. Qe2 Bg4 10. Rd1 Qc7 11. e4 e5 12. d5 O-O 13. Bg5 Bxc3 14. bxc3 cxd5 15.
Bxd5 Nxd5 16. Rxd5 Be6 17. Rdd1 Qxc3 18. Be7 1/2-1/2

[Event "1617LLO"]
[Site "Mecklenburg-Vorpommern"]
[Date "2017.04.23"]
[Round "9.4"]
[White "Onasch, Gunnar"]
[Black "Arning, Norbert"]
[Result "1/2-1/2"]
[WhiteElo "1804"]
[BlackElo "1939"]
[PlyCount "195"]
[EventDate "2016.11.06"]
[EventType "team-tourn"]
[EventRounds "9"]
[SourceDate "2016.10.16"]
[WhiteTeam "Waterkant Saal"]
[BlackTeam "Waren/Malchow"]

1. d4 d5 2. c4 e5 3. dxe5 d4 4. Nf3 Nc6 5. Nbd2 Bg4 6. Nb3 Bxf3 7. gxf3 Qh4 8.
Bg2 Nxe5 9. Nxd4 O-O-O 10. Qa4 Bc5 11. Be3 Bxd4 12. Bxd4 Qxd4 13. O-O Ne7 14.
f4 N5c6 15. e3 Qc5 16. Rab1 Qb4 17. Qc2 Rd2 18. Qe4 Rxb2 19. Rxb2 Qxb2 20. a4
Qb4 21. Ra1 a5 22. Qc2 Rd8 23. Rb1 Rd2 24. Qxh7 Qxc4 25. Qh8+ Rd8 26. Qxg7 Rg8
27. Qh7 Qxa4 28. h4 Qc4 29. h5 Qe6 30. Kh2 Kb8 31. Bh3 Qa2 32. Rf1 Qd5 33. h6
Qh5 34. f5 Ne5 35. f3 Nxf3+ 36. Rxf3 Qxf3 37. Qxg8+ Nxg8 38. h7 Qf2+ 39. Kh1
Qe1+ 40. Kg2 Qd2+ 41. Kf3 Qd5+ 42. Kf2 Qd2+ 43. Kf3 Qd1+ 44. Kf2 Qc2+ 45. Kf3
Qc6+ 46. Kf2 Nf6 47. h8=Q+ Ka7 48. Qh4 a4 49. Qd4+ b6 50. Bg2 Qc2+ 51. Kg1 a3
52. Qd8 Ne4 53. Qd4 a2 54. Kh2 Nc3 55. Qd8 Qxg2+ 56. Kxg2 a1=Q 57. Qxc7+ Ka6
58. Qxf7 Qb2+ 59. Kh3 Qd2 60. Qe6 Nd5 61. f6 Nxf6 62. Qxf6 Qxe3+ 63. Kg2 Qe2+
64. Kg3 Ka5 65. Qa1+ Kb5 66. Qb1+ Kc5 67. Qf5+ Kc4 68. Qc8+ Kb3 69. Qf5 Qe3+
70. Kh4 Qe1+ 71. Kh3 Qc3+ 72. Kh4 Qc4+ 73. Kh3 b5 74. Qb1+ Ka4 75. Qa1+ Kb4 76.
Qa7 Kb3 77. Qh7 Qc3+ 78. Kh4 Kb2 79. Qf5 b4 80. Qf2+ Kb1 81. Qf1+ Kb2 82. Qe2+
Qc2 83. Qe5+ Qc3 84. Qe2+ Ka1 85. Qd1+ Ka2 86. Qe2+ Qb2 87. Qa6+ Kb3 88. Qe6+
Kc2 89. Qe4+ Kd1 90. Qf3+ Kd2 91. Qf2+ Kc3 92. Qe3+ Kc4 93. Qe6+ Kc5 94. Qc8+
Kd6 95. Qd8+ Ke6 96. Qe8+ Kd5 97. Qd7+ Ke4 98. Qh7+ 1/2-1/2

[Event "1617LLO"]
[Site "Mecklenburg-Vorpommern"]
[Date "2017.04.23"]
[Round "9.5"]
[White "Schmidt, Joerg"]
[Black "Nickel, Reimo"]
[Result "1/2-1/2"]
[WhiteElo "1878"]
[BlackElo "1712"]
[PlyCount "90"]
[EventDate "2016.11.06"]
[EventType "team-tourn"]
[EventRounds "9"]
[SourceDate "2016.10.16"]
[WhiteTeam "Waren/Malchow"]
[BlackTeam "Waterkant Saal"]

1. c4 e5 2. Nc3 Nf6 3. g3 c6 4. Nf3 d6 5. Bg2 Be7 6. O-O O-O 7. d4 exd4 8. Nxd4
Bg4 9. h3 Bd7 10. b3 Qc8 11. Kh2 h6 12. Bb2 Re8 13. Qd2 Na6 14. Rad1 Nc7 15. e4
Bf8 16. Rfe1 c5 17. Nf5 Bxf5 18. exf5 Rb8 19. g4 Qd7 20. Ne4 Nxe4 21. Bxe4 f6
22. Re2 Re7 23. Rde1 b6 24. Bd5+ Nxd5 25. Qxd5+ Kh8 26. Re6 Rbe8 27. f4 Kh7 28.
Kg3 Qc7 29. h4 Rxe6 30. Rxe6 Rxe6 31. fxe6 Be7 32. h5 Bd8 33. Bc1 Qe7 34. Qf5+
Kg8 35. Kh4 Kh8 36. g5 Qb7 37. Qd5 fxg5+ 38. fxg5 Qe7 39. Bf4 Qf8 40. Kg4 hxg5
41. Bxd6 Qf2 42. Bg3 Qe2+ 43. Kf5 Qf1+ 44. Kg4 Qe2+ 45. Kf5 Qf1+ 1/2-1/2

[Event "1617LLO"]
[Site "Mecklenburg-Vorpommern"]
[Date "2017.04.23"]
[Round "9.6"]
[White "Ehmann, Roland"]
[Black "Hertel Mach, Frank"]
[Result "1/2-1/2"]
[WhiteElo "1540"]
[BlackElo "1807"]
[PlyCount "121"]
[EventDate "2016.11.06"]
[EventType "team-tourn"]
[EventRounds "9"]
[SourceDate "2016.10.16"]
[WhiteTeam "Waterkant Saal"]
[BlackTeam "Waren/Malchow"]

1. d4 Nf6 2. Nf3 d5 3. g3 c6 4. Bg2 Bf5 5. Nbd2 Nbd7 6. c3 Qc7 7. O-O h6 8. Nh4
Bh7 9. f4 Ne4 10. Nhf3 f6 11. Qb3 O-O-O 12. a4 e5 13. fxe5 fxe5 14. Bh3 exd4
15. Nxe4 Bxe4 16. Nxd4 Bc5 17. Rf7 g5 18. e3 Bxd4 19. exd4 Qd6 20. Be3 Bg6 21.
Rf2 Rhe8 22. Bd2 Kb8 23. a5 Nf6 24. Bf5 Bxf5 25. Rxf5 Re2 26. Raf1 Rxd2 27.
Rxf6 Qe7 28. R1f2 Rxf2 29. Rxf2 h5 30. Qd1 h4 31. Qe2 Qd6 32. Qe5 hxg3 33. hxg3
Qxe5 34. dxe5 Kc7 35. g4 Rd7 36. Rf5 Rg7 37. Rf6 Kd7 38. Kf2 Ke7 39. Ke3 Kd7
40. c4 dxc4 41. Kd4 b5 42. axb6 axb6 43. Kxc4 Kc7 44. e6 Re7 45. Rg6 Kd6 46.
Rxg5 Rxe6 47. Rg8 Ke5 48. Rb8 Kd6 49. Rxb6 Re4+ 50. Kc3 Rxg4 51. Rb8 Kd5 52.
Rd8+ Kc5 53. Rb8 Rg3+ 54. Kc2 Kc4 55. Rf8 Rg2+ 56. Kc1 c5 57. Rf3 Kb4 58. Rf7
c4 59. Rb7+ Ka4 60. Ra7+ Kb3 61. Rb7+ 1/2-1/2

[Event "1617LLO"]
[Site "Mecklenburg-Vorpommern"]
[Date "2017.04.23"]
[Round "9.7"]
[White "Kuehn, Peter"]
[Black "Nickel, Udo"]
[Result "1/2-1/2"]
[WhiteElo "1793"]
[BlackElo "1633"]
[PlyCount "40"]
[EventDate "2016.11.06"]
[EventType "team-tourn"]
[EventRounds "9"]
[SourceDate "2016.10.16"]
[WhiteTeam "Waren/Malchow"]
[BlackTeam "Waterkant Saal"]

1. e4 e6 2. d4 d5 3. Nd2 Nf6 4. e5 Nfd7 5. Bd3 c5 6. c3 Nc6 7. Ne2 Qb6 8. Nf3
cxd4 9. cxd4 Bb4+ 10. Bd2 Bxd2+ 11. Qxd2 Qb4 12. Rc1 Qxd2+ 13. Kxd2 a6 14. h4
f6 15. exf6 Nxf6 16. Nf4 O-O 17. Rhe1 Ne4+ 18. Bxe4 Rxf4 19. Bb1 Bd7 20. Kd3
Raf8 1/2-1/2